000 01152nam a22001337a 4500
999 _c533241
_d533241
008 260430b ||||| |||| 00| 0 eng d
100 _aMatsumoto, Toru
_960358
245 _aRight to clothing and the clothing crisis during the Bengal famine of 1943–44
260 _aEconomic & Political Weekly
300 _a61(15), Apr 11, 2026: p.52-58
520 _aClothing is a basic need for human development. Although the right to clothing is recognised as a human right, violations have occurred. This historical study examines the possibility of future shortages by analysing a past clothing crisis. During World War II, British India faced the Bengal famine of 1943–44 and a parallel “cloth famine.” Starving homeless people were forced to remain half-naked during a relatively harsh winter. The crisis stemmed from military priorities in textiles, halted Japanese imports, and rising Indian exports, showing clothing scarcity can reappear in wartime conditions.-Reproduced https://www.epw.in/journal/2026/15/special-articles/right-clothing-and-clothing-crisis-during-bengal.html
773 _aEconomic & Political Weekly
942 _cAR